Laboratorní kurs k Moderní učebnici angličtiny Gramatická část

Saved in:
Bibliographic Details
Main Author: Tryml, Sergej
Corporate Author: Vysoká škola ekonomická v Praze. Obchodní fakulta
Other Authors: Gottheinerová, Till, Janská, Anna
Format: Book
Language:Czech
Published: Praha Státní pedagogické nakladatelství 1989
Edition:1. vyd.
Tags: Add Tag
No Tags, Be the first to tag this record!

MARC

LEADER 00000nam a2200000 4500
001 c027621
005 20221215120133.5
041 0 |a cze 
044 |a CZ 
245 1 0 |a Laboratorní kurs k Moderní učebnici angličtiny  |b Gramatická část  |c Sergej Tryml, Till Gottheinerová, Anna Jánska 
250 |a 1. vyd. 
264 1 |a Praha  |b Státní pedagogické nakladatelství  |c 1989 
300 |a 276 s. 
100 1 |a Tryml, Sergej 
700 1 |a Gottheinerová, Till 
700 1 |a Janská, Anna 
710 2 |a Vysoká škola ekonomická v Praze. Obchodní fakulta